000 00843nmc a2200325 a 4500
003 AR-BaBNM
005 20251128204530.0
008 175019s1991 ||||||||||||||000 | spa||
020 _a950-9553-09-3-
040 _cAR-BaBNM
100 1 _aLeiva, Leandro
245 1 0 _aApunten a Bagdad
_bel "nuevo orden mundial" al desnudo
260 _aBuenos Aires
_bAgora
_c1991
300 0 _a127 p.
_bil.
490 0 _aTemas amtiimperialistas
_vv. 7
650 4 _aPOLITICA INTERNACIONAL
650 4 _aCOEXISTENCIA PACIFICA
650 4 _aRELACIONES INTERNACIONALES
650 4 _aDERECHO INTERNACIONAL
650 4 _aIMPERIALISMO
650 4 _aCOMUNISMO
650 4 _aCOLONIALISMO
650 4 _aGUERRA
651 4 _aArgentina
651 4 _aGolfo Pérsico
651 4 _aIrak
653 0 _aTERCER MUNDO
942 _cBK
998 _cCarmen
999 _c7805
_d7805